| 000 | 00569 a2200157 4500 | ||
|---|---|---|---|
| 003 | Nust | ||
| 005 | 20170207154018.0 | ||
| 020 | _a9090159266 | ||
| 040 | _cNust | ||
| 082 | _a519.4 | ||
| 245 | _aAdaptive Information Filtering concepts and algorithms- (E-BOOK) | ||
| 260 |
_aNew York _bAddison-Wesley _c2000 |
||
| 300 | _a180 p. | ||
| 505 | _aIntroduction(Page-1), Document representations employing n-grams (Page-15), Two-pool evolutionary algorithm (Page-35), Evolutionary classification (Page-53), Neural classification (Page-73), Conclusion (Page-101 | ||
| 650 | _aE-BOOK | ||
| 942 |
_2ddc _cBK |
||
| 999 |
_c191560 _d191560 |
||